000 00275nam a2200121Ia 4500
008 191201s1999 xx 000 0 und d
100 _aJHINGAN,M L
245 0 _aInternational Economics
260 _aN. Delhi
_bVrinda
_c1999
300 _a551
650 _aMBA
942 _2ddc
_cBK
999 _c146
_d146